Flags for Initial Letters - G - Statistics

General Stats
  • This quiz has been taken 24 times
  • The average score is 10 of 11
Answer Stats
Picture Answer % Correct
Germany
100%
Greece
100%
Georgia
95%
Ghana
95%
Guatemala
91%
Gabon
86%
Gambia
86%
Grenada
86%
Guinea
86%
Guinea-Bissau
86%
Guyana
77%
No matching quizzes found
Score Distribution
Percent of People with Each Score
Percentile by Number Answered
Your Score History
You have not taken this quiz